[Event "Bahn-chGT"]
[Site "Winterberg"]
[Date "2004.09.29"]
[Round "4"]
[White "Kreutz, Ernst"]
[Black "Kettler, Jens"]
[Result "0-1"]
[WhiteElo "1279"]
[BlackElo "1556"]
[PlyCount "72"]
[EventDate "2004.09.26"]
[EventType "swiss"]
[EventRounds "7"]
[EventCountry "GER"]
[SourceTitle "EXT 2013"]
[Source "ChessBase"]
[SourceDate "2012.11.22"]
[SourceVersion "1"]
[SourceVersionDate "2012.11.22"]
[SourceQuality "1"]

1. e4 e5 2. Nf3 Nc6 3. Bc4 Nf6 4. d3 d6 5. a3 Bg4 6. Be3 Be7 7. h3 Bh5 8. c3 0-0 9. g4 Bg6 10. h4 h6 11. g5 Ng4 12. Qe2 h5 13. Nbd2 Kh8 14. Nh2 Nxe3 15. Qxe3 f5 16. 0-0-0 fxe4 17. dxe4 Na5 18. Ba2 c5 19. Ndf3 Qe8 20. Nd2 b5 21. b4 cxb4 22. axb4 Nc6 23. Nb3 Qc8 24. Kb2 a5 25. bxa5 Nxa5 26. Nxa5 Rxa5 27. f3 Qa6 28. Ra1 Ra8 29. Bd5 Rxa1 30. Rxa1 Qxa1+ 31. Kc2 Ra3 32. Qd3 Be8 33. f4 b4 34. Bb3 Ba4 35. Qd5 Bxb3+ 36. Kd3 Bxd5 0-1

[Event "Bahn-chG"]
[Site "Bad Wildungen"]
[Date "2000.09.30"]
[Round "7"]
[White "Kreutz, Ernst"]
[Black "Van Gils, Nico"]
[Result "0-1"]
[WhiteElo "1299"]
[BlackElo "1650"]
[PlyCount "60"]
[EventDate "2000.09.24"]
[EventType "swiss"]
[EventRounds "7"]
[EventCountry "GER"]
[SourceTitle "EXT 2003"]
[Source "ChessBase"]
[SourceDate "2002.11.25"]
[SourceVersion "1"]
[SourceVersionDate "2002.11.25"]
[SourceQuality "1"]

1. d4 d5 2. Nf3 e6 3. c4 Nf6 4. e3 Nbd7 5. Nc3 Be7 6. Bd3 dxc4 7. Bxc4 0-0 8. 0-0 Re8 9. Qc2 c6 10. Bd2 Nf8 11. Rad1 Bd6 12. e4 e5 13. Ng5 Ne6 14. dxe5 Bxe5 15. f4 Qb6+ 16. Kh1 Bxc3 17. Bxc3 Ng4 18. e5 g6 19. f5 Ne3 20. Qd3 Nxd1 21. Rxd1 Rd8 22. Qxd8+ Nxd8 23. Nxf7 Nxf7 24. e6 Kf8 25. exf7 Bxf5 26. Rd6 Qc5 27. Rd4 a5 28. a4 g5 29. Bb3 Bg6 30. Rd7 Qf5 0-1

[Event "Bahn-chG"]
[Site "Bad Wildungen"]
[Date "2000.09.24"]
[Round "1"]
[White "Morgner, Siegfried"]
[Black "Kreutz, Ernst"]
[Result "1-0"]
[WhiteElo "1724"]
[BlackElo "1299"]
[PlyCount "59"]
[EventDate "2000.09.24"]
[EventType "swiss"]
[EventRounds "7"]
[EventCountry "GER"]
[SourceTitle "EXT 2003"]
[Source "ChessBase"]
[SourceDate "2002.11.25"]
[SourceVersion "1"]
[SourceVersionDate "2002.11.25"]
[SourceQuality "1"]

1. Nf3 Nc6 2. d4 e6 3. c4 d5 4. Nc3 a6 5. e3 Nf6 6. a3 Be7 7. Bd3 0-0 8. Qc2 g6 9. 0-0 Bd6 10. c5 Be7 11. b4 b5 12. Re1 Re8 13. Bb2 Bf8 14. e4 Bg7 15. e5 Ng4 16. h3 Nh6 17. g4 f5 18. g5 Nxd4 19. Nxd4 Qxg5+ 20. Kf1 Qh4 21. Nf3 Qxh3+ 22. Ke2 Qg4 23. Rg1 Qh5 24. Rh1 Qg4 25. Rag1 Qf4 26. Bc1 Qxf3+ 27. Kxf3 Ng4 28. Rxg4 fxg4+ 29. Kxg4 Bxe5 30. Bxg6 1-0

[Event "Gemuend op"]
[Site "Gemuend"]
[Date "1999.10.27"]
[Round "5"]
[White "Schamuhn, Manfred"]
[Black "Kreutz, Ernst"]
[Result "1/2-1/2"]
[WhiteElo "1498"]
[BlackElo "1439"]
[PlyCount "50"]
[EventDate "1999.10.24"]
[EventType "swiss"]
[EventRounds "7"]
[EventCountry "GER"]
[SourceTitle "EXT 2003"]
[Source "ChessBase"]
[SourceDate "2002.11.25"]
[SourceVersion "1"]
[SourceVersionDate "2002.11.25"]
[SourceQuality "1"]

1. d4 d5 2. c4 e6 3. Nc3 Nf6 4. e3 c5 5. Nf3 Nc6 6. a3 a6 7. Bd3 Be7 8. dxc5 Bxc5 9. Qc2 d4 10. Na4 b6 11. b4 Be7 12. Nxd4 Nxd4 13. exd4 Qxd4 14. Bb2 Qd8 15. Rd1 Qc7 16. Bd4 Rb8 17. Nb2 0-0 18. Bxf6 Bxf6 19. Bxh7+ Kh8 20. Bd3 Qe5+ 21. Be4 Qxb2 22. Qxb2 Bxb2 23. Rd3 Bf6 24. Rh3+ Kg8 25. Bh7+ Kh8 1/2-1/2

[Event "Gemuend op"]
[Site "Gemuend"]
[Date "1999.10.25"]
[Round "3"]
[White "Fuchs, Walter"]
[Black "Kreutz, Ernst"]
[Result "1-0"]
[WhiteElo "1310"]
[BlackElo "1439"]
[PlyCount "95"]
[EventDate "1999.10.24"]
[EventType "swiss"]
[EventRounds "7"]
[EventCountry "GER"]
[SourceTitle "EXT 2003"]
[Source "ChessBase"]
[SourceDate "2002.11.25"]
[SourceVersion "1"]
[SourceVersionDate "2002.11.25"]
[SourceQuality "1"]

1. e4 e5 2. Qh5 Nc6 3. c3 Nf6 4. Qf3 d6 5. Bb5 Bd7 6. d3 Be7 7. Ne2 0-0 8. 0-0 a6 9. Bxc6 Bxc6 10. Be3 d5 11. exd5 Bxd5 12. Qg3 Re8 13. Qxe5 Bd6 14. Qd4 c5 15. Qa4 b5 16. Qc2 c4 17. dxc4 Bxc4 18. b3 Be6 19. Nd4 Ng4 20. Nf3 Qc7 21. g3 Nxe3 22. fxe3 Bh3 23. Ng5 Bxf1 24. Qxh7+ Kf8 25. Kxf1 Qc6 26. e4 Re5 27. Qh8+ Ke7 28. Qxg7 Rxg5 29. Qxg5+ Ke8 30. Qd5 Rc8 31. Qxc6+ Rxc6 32. a4 b4 33. c4 Be5 34. Ra2 Rf6+ 35. Rf2 Rh6 36. Kg2 Bd4 37. Rd2 Be3 38. Rd3 Bc5 39. Nd2 Ke7 40. Rd5 Rd6 41. Nf3 Bb6 42. h4 Re6 43. Re5 Kf6 44. Rxe6+ fxe6 45. g4 Bc7 46. h5 Bf4 47. c5 Ke7 48. g5 1-0